BIBLIOTECA “JULIO CORTÁZAR”
ESCUELA AGROTÉCNICA “LIBERTADOR GENERAL SAN MARTÍN” - UNR – CASILDA

Logo Escuela Logo UNR

Enfermedad del perro de campo / (Record no. 487)

MARC details
000 -LEADER
campo de control de longitud fija 00686nam#a22002775a#4500
001 - NÚMERO DE CONTROL
campo de control 487
008 - DATOS DE LONGITUD FIJA--INFORMACIÓN GENERAL
campo de control de longitud fija 061201s1953####ag#a###f######001#0#spa#d
080 ## - NÚMERO DE LA CLASIFICACIÓN DECIMAL UNIVERSAL
Número de la Clasificación Decimal Universal 619
084 ## - OTRO NÚMERO DE CLASIFICACIÓN
Número de clasificación G35
040 ## - FUENTE DE CATALOGACIÓN
Centro catalogador/agencia de origen AR-ClEAG
Centro/agencia transcriptor AR-ClEAG
005 - FECHA Y HORA DE LA ÚLTIMA TRANSACCIÓN
campo de control 20241107184637.0
003 - IDENTIFICADOR DE NÚMERO DE CONTROL
campo de control AR-ClEAG
100 1# - ENTRADA PRINCIPAL--NOMBRE DE PERSONA
Nombre de persona Gelormini, Nicolás.
245 10 - MENCIÓN DEL TÍTULO
Título Enfermedad del perro de campo /
Mención de responsabilidad, etc. Nicolás Gelormini.
250 ## - MENCION DE EDICION
Mención de edición 1ª ed.
260 ## - PUBLICACIÓN, DISTRIBUCIÓN, ETC.
Lugar de publicación, distribución, etc. Buenos Aires :
Nombre del editor, distribuidor, etc. Sudamericana,
Fecha de publicación, distribución, etc. 1953.
300 ## - DESCRIPCIÓN FÍSICA
Extensión 187 p. :
Otras características físicas il. ;
Dimensiones 18 cm.
653 ## - TÉRMINO DE INDIZACIÓN--NO CONTROLADO
Término no controlado Veterinaria
653 ## - TÉRMINO DE INDIZACIÓN--NO CONTROLADO
Término no controlado Insectos
653 ## - TÉRMINO DE INDIZACIÓN--NO CONTROLADO
Término no controlado Arácnidos
653 ## - TÉRMINO DE INDIZACIÓN--NO CONTROLADO
Término no controlado Tuberculosis
653 ## - TÉRMINO DE INDIZACIÓN--NO CONTROLADO
Término no controlado Moquillo perro
653 ## - TÉRMINO DE INDIZACIÓN--NO CONTROLADO
Término no controlado Rabia
653 ## - TÉRMINO DE INDIZACIÓN--NO CONTROLADO
Término no controlado Parásitos Vegetales
942 ## - ELEMENTOS DE ENTRADA SECUNDARIOS (KOHA)
Tipo de ítem Koha Libros
980 ## - EQUIVALENCIA O REFERENCIA-CRUZADA-MENCIÓN DE SERIE--NOMBRE DE PERSONA/TÍTULO [LOCAL, CANADÁ]
Enlace 2
Nombre de persona Evangelina Gallicchio
Enlace entre campo y número de secuencia 2
Información miscelánea Evangelina Gallicchio
Holdings
Estatus retirado Estado de pérdida Fuente del sistema de clasificación o colocación Estado de daño No para préstamo Biblioteca de origen Biblioteca actual Ubicación en estantería Fecha de adquisición Número de inventario Total de préstamos Signatura topográfica completa Código de barras Visto por última vez Precio de reemplazo Tipo de ítem Koha
    Clasificación decimal universal     Julio Cortázar Julio Cortázar   07/11/2024 1612   R17 619 G35 Ej.2 1612 07/11/2024 07/11/2024 Libros

Contacto

Biblioteca Julio Cortázar. Escuela Agrotécnica "Libertador San Martín". Universidad Nacional de Rosario
Dirección: Ov. Lagos 1000 - 2170 Casilda - Santa Fe - Argentina
Tel: (54) (03464) 422226.
Fax: (54) (03464) 427789.
E-Mail: biblio-eac@unr.edu.ar